Труды Каменно-степной селекционной опытной станции. 1937, Вып.1 (Запись № 2336241)

Подробности
000 -МАРКЕР
контрольное поле 01395nam2a22002531 4500
001 - ИДЕНТИФИКАТОР ЗАПИСИ
контрольное поле RU\NLR\INFOCOMM4\1000540925
005 - ИДЕНТИФИКАТОР ВЕРСИИ
контрольное поле 20250617050642.0
035 ## - ДРУГИЕ СИСТЕМНЫЕ НОМЕРА
Идентификатор записи (NLR Aleph) 002470790
100 ## - ДАННЫЕ ОБЩЕЙ ОБРАБОТКИ
Данные общей обработки 20040401d1937 |||y0rusy50 ca
101 0# - ЯЗЫК РЕСУРСА
Язык текста, звукозаписи и т.д. русский
102 ## - СТРАНА ПУБЛИКАЦИИ ИЛИ ПРОИЗВОДСТВА
Страна публикации Российская Федерация
105 ## - ПОЛЕ КОДИРОВАННЫХ ДАННЫХ: ТЕКСТОВЫЕ МАТЕРИАЛЫ, МОНОГРАФИЧЕСКИЕ
Кодированные данные о монографическом текстовом документе y |||||||||
200 0# - ЗАГЛАВИЕ И СВЕДЕНИЯ ОБ ОТВЕТСТВЕННОСТИ
Основное заглавие 1937, Вып.1
210 ## - ПУБЛИКАЦИЯ, РАСПРОСТРАНЕНИЕ И ДР.
Дата издания, распространения и т.д. 1937
Место издания, распространения и т.д. Б. м.
421 #1 - ПРИЛОЖЕНИЕ
Встроенное поле 2001#$aНасекомые, вредящие культурным растениям$fТитов К. Е.
-- 700#1$aТитов$bК. Е.
-- 210##$a[Воронеж]$d1927
Заглавие Насекомые, вредящие культурным растениям
Автор Титов, К. Е.
461 #0 - УРОВЕНЬ НАБОРА
Встроенное поле 001RU\NLR\INFOCOMM4\1000540900
-- 2001#$aТруды Каменно-степной селекционной опытной станции$fНКЗСССР. Глав. упр. зерновых культур$v1937, Вып.1
Системный номер (АБИС) связанной записи 2336037
Автор Каменно-степная селекционная станция (Ст. Таловая Юго-Восточной ж. д.)
Место публикации Воронеж
Дата публикации 1914-1940
Первые сведения об ответственности НКЗСССР. Глав. упр. зерновых культур
Заглавие Труды Каменно-степной селекционной опытной станции
Номер тома 1937, Вып.1
801 #1 - ИСТОЧНИК ЗАПИСИ
Страна Российская Федерация
Организация InfoComm
Дата составления 20040401
801 #0 - ИСТОЧНИК ЗАПИСИ
Страна Российская Федерация
Организация NLR
Правила каталогизации PSBO
852 ## - МЕСТОНАХОЖДЕНИЕ И ШИФР ХРАНЕНИЯ
Идентификатор организации NLR
Шифр хранения (Call Number) 37-17/448
942 ## - ДОПОЛНИТЕЛЬНЫЕ ЭЛЕМЕНТЫ ЗАПИСИ (АБИС)
Тип экземпляра АБИС Выпуск
980 ## - КОЛЛЕКЦИЯ
Название коллекции Национальная библиография
980 ## - КОЛЛЕКЦИЯ
Название коллекции Русская периодика

Нет доступных экземпляров.